Goûts de pods de vype/vuse - Statistiques

Statistiques générales
  • Ce quiz a été pris 9 fois
  • Le résultat moyen est 2 sur 20
Statistiques - réponses
Hint Réponse % Correct
17 Menthe glaciale
63%
6 Menthe ice
38%
7 Mangue ice
25%
5 Myrtille ice
25%
3 Raisin ice
25%
2 Fusion fruit des bois
13%
14 Mangue tropicale
13%
20 Ananas pêche ice
0%
18 Blend doré
0%
9 Citron fruit des bois
0%
19 Classique crème
0%
11 Classique ice vert
0%
16 Concombre fruité
0%
1 Fraise sauvage
0%
10 Fruit de la passion
0%
8 Fruit rouge intense
0%
12 Ice caramélisé
0%
4 Pastèque ice
0%
15 Tequila fruité
0%
13 Vanille des îles
0%
Aucun quiz correspondant
Distribution des résultats
% des personnes avec chaque résultat
Percentile par nombre de réponses
Votre historique - résultats
Vous n’avez pas pris ce quiz